000 00547nam a22001817a 4500
003 CEME
005 20210628210116.0
008 210211b xxu||||| |||| 00| 0 eng d
020 _a0-7680-0251-6
040 _c.
082 _a629.2-S ELE
100 _aSae
_910276
245 _aElectronic diesel and gasoline fuel injection technology
260 _aUSA
_bSAE
_c1998
300 _a112P
650 _aDIESEL FUEL INJECTION TECHNOLOGY GASOLINE FUEL INJECTION TECHNOLOGY FUEL INJECTION TECHNOLOGIES-DIESEL AND GASOLINE
_978154
942 _cBK
_2ddc
999 _c583314
_d583314